A list of establishments, discontinuances, and changes in name of the post offices in the Confederate States since 1861 (Record no. 1191)

000 -LEADER
fixed length control field 00403nam a22001217a 4500
003 - CONTROL NUMBER IDENTIFIER
control field OSt
008 - FIXED-LENGTH DATA ELEMENTS--GENERAL INFORMATION
fixed length control field 150407b xxu||||| |||| 00| 0 eng d
041 ## - LANGUAGE CODE
Language code of text/sound track or separate title eng
245 10 - TITLE STATEMENT
Title A list of establishments, discontinuances, and changes in name of the post offices in the Confederate States since 1861
260 ## - PUBLICATION, DISTRIBUTION, ETC. (IMPRINT)
Place of publication, distribution, etc. West Palm Beach? FL
Name of publisher, distributor, etc. Confederate Stamp Alliance
300 ## - PHYSICAL DESCRIPTION
Extent 0 pages
700 1# - ADDED ENTRY--PERSONAL NAME
Personal name Henry M. Spelman III
Holdings
Withdrawn status Lost status Source of classification or shelving scheme Damaged status Not for loan Collection code Permanent Location Current Location Date acquired Total Checkouts Full call number Barcode Date last seen Price effective from Koha item type
          Richard Drews Northern Philatelic Library Northern Philatelic Library 04/07/2015   G3861 .P855 C748 1001482 06/28/2015 06/28/2015 Books

Powered by Koha